Seemingly Unrelated Trivia Quiz Stats

Quiz Updated Dec 9, 2015

Challenge
Share
Tweet
Embed
Score 0/21 Timer 06:00
0 Plays Today
Question Answer % Correct
Company with a swoosh for a logoNIKE
86.4%
An oven for potteryKILN
81.9%
Cinco + tresOCHO
80%
A mixture of black and whiteGRAY
78.2%
Famed valley in California for its winesNAPA
74.3%
A lupine animalWOLF
71.8%
A tropical fruit often used in chutneysMANGO
69.4%
A long hair or bristle near the mouth of an animalWHISKER
68.1%
Pixar film featuring MeridaBRAVE
68%
A competitive sport involving cattle workingRODEO
58.3%
A record or film produced with little money without a major company behind itINDIE
56.4%
Question Answer % Correct
Hello, in HiloALOHA
54.4%
Southernmost Argentinian archipelago: ___ del Fuego TIERRA
45.8%
Fruit needed for a rickeyLIME
43.6%
A quantity that has magnitude and directionVECTOR
36.1%
Reese of 'Touched by an Angel'DELLA
34.5%
The chief helmsman on the Starship Enterprise NCC-1701SULU
34.1%
4th largest city in Illinois featuring a famous prison used in 'The Blues Brothers'JOLIET
25.8%
Extracted with a quick vigorous movementYANKED
24.3%
A rundown home or buildingHOVEL
18.5%
Another name for infectious pododermatitis, which affects the hooves of cattle and sheepFOOTROT
10.1%

You're not logged in!

Compare scores with friends on all Sporcle quizzes.
Sign Up with Email
OR
Log In

You Might Also Like...

Show Comments

Extras

Top Quizzes Today


Score Distribution

Your Account Isn't Verified!

In order to create a playlist on Sporcle, you need to verify the email address you used during registration. Go to your Sporcle Settings to finish the process.